000 00301nam a22001217a 4500
020 _a013147572x
082 _222
_a005.432
100 _aQuigley, Ellie.
245 _aUNIX shells by example /
260 _aUSA,
_bPrentice Hall,
_cc2005.
300 _axxxv, 1150p. ;
_bill. ;
_c23 cm.
_eCD
942 _2ddc
_cIT
999 _c2419
_d2419